[Event "GER-chT Seniors 26th"]
[Site "Templin"]
[Date "2017.09.26"]
[Round "2.10"]
[White "Postler, Reinhard"]
[Black "Khanukov, Boris"]
[Result "1-0"]
[WhiteElo "2221"]
[BlackElo "2306"]
[PlyCount "91"]
[EventDate "2017.09.25"]
[EventType "team-swiss"]
[EventRounds "7"]
[EventCountry "GER"]
[SourceTitle "EXT 2019"]
[Source "ChessBase"]
[SourceDate "2018.10.10"]
[SourceVersion "1"]
[SourceVersionDate "2018.10.10"]
[SourceQuality "1"]
[WhiteTeam "Berlin II"]
[BlackTeam "Nordrhein Westfalen"]
[WhiteTeamCountry "GER"]
[BlackTeamCountry "GER"]

1. e4 c5 2. c3 Nf6 3. e5 Nd5 4. d4 cxd4 5. cxd4 d6 6. Nf3 Nc6 7. Bc4 Nb6 8. Bb5 Bd7 9. exd6 exd6 10. 0-0 Be7 11. Re1 0-0 12. h3 Nb4 13. Bf1 Bf5 14. Na3 Bf6 15. Bd2 Nc6 16. Bc3 Nd5 17. Nc2 Qd7 18. Ne3 Nxe3 19. Rxe3 Ne7 20. d5 Bxc3 21. bxc3 Bg6 22. Qb3 Nf5 23. Re4 Ne7 24. Rb4 Rab8 25. Re1 Qc7 26. Nd4 Nc8 27. Nc6 bxc6 28. Rxb8 cxd5 29. Ba6 Nb6 30. Rxf8+ Kxf8 31. Qb4 h6 32. Bb5 Kg8 33. a4 Kh7 34. Qd4 Nc4 35. Re8 Ne5 36. Ra8 a5 37. Ra7 Qd8 38. f4 Nc4 39. Qxd5 Ne3 40. Qd2 Qb6 41. Qd4 Qxd4 42. cxd4 Nc2 43. d5 Nb4 44. Bc4 Bd3 45. Bxd3+ Nxd3 46. g3 1-0